Normal view
MARC view
Entry Personal Name
001 - CONTROL NUMBER
- control field: 816572
003 - CONTROL NUMBER IDENTIFIER
- control field: OSt
005 - DATE AND TIME OF LATEST TRANSACTION
- control field: 20250725152131.0
008 - FIXED-LENGTH DATA ELEMENTS
- fixed length control field: 250725|| aca||aabn | a|a d
040 ## - CATALOGING SOURCE
- Original cataloging agency: OSt
- Transcribing agency: OSt
100 ## - HEADING--PERSONAL NAME
- Personal name: चाटे, गंगाधर
670 ## - SOURCE DATA FOUND
- Source citation: Work cat.: (OSt)1434312: चाटे, गंगाधर, आप बहुत समझदार हो, 2024.
